00339 2200145 4500001002100000005001500021035002000036245004100056100001900097300001200116260003100128082000800159084001400167990001200181INLIS00000000000191420250521072446 a0010-05250002061 aMula - Mula Petaka /cLemony Snicket0 aLemony Snicket a149 hlm aJakarta :bGramedia,c2004 a800 a800 LEM m a0713433